000 01118cab a22001935a 4500
001 L145223
008 080917s2008 xxkad f 000 0 eng d
035 _a(Sirsi) u145223
041 0 _aeng
100 1 _aChristudason, Alice
245 0 0 _aLegislation affecting common property management in Singapore
_bconfusion or solution through fragmentation?
260 _c2008
490 0 _aProperty Management
_v26(3) 2008, 207-219(13)
520 _aConsiders changes in property management in strata developments since 2005, including the shift in responsibility from single-tier management firms to multi-tier management firms and limited common property. Discusses the problems associated with the single-tier system and how the new system seeks to solve these problems. Concludes that whilst the multi-tier system could minimise some problems associated with the single-tier management system, other problems arise including: increased operational costs; finding sufficient volunteers, and increased potential for conflict.
590 _aKA
651 4 _aSingapore
690 _aBlock management
_96220
942 _n0
999 _c80737
_d80737